<?xml version="1.0" encoding="UTF-8"?>
<marc:record xmlns:marc="http://www.loc.gov/MARC21/slim" type="Bibliographic">
   <marc:leader>00000nam a22000008c 4500</marc:leader>
   <marc:controlfield tag="001">1394006373</marc:controlfield>
   <marc:controlfield tag="003">DE-101</marc:controlfield>
   <marc:controlfield tag="005">20260502093448.0</marc:controlfield>
   <marc:controlfield tag="007">tu</marc:controlfield>
   <marc:controlfield tag="008">260325s2026    au ||||| |||| 00||||ger  </marc:controlfield>
   <marc:datafield ind1=" " ind2=" " tag="015">
      <marc:subfield code="a">26,N14</marc:subfield>
      <marc:subfield code="2">dnb</marc:subfield>
   </marc:datafield>
   <marc:datafield ind1="7" ind2=" " tag="016">
      <marc:subfield code="2">DE-101</marc:subfield>
      <marc:subfield code="a">1394006373</marc:subfield>
   </marc:datafield>
   <marc:datafield ind1=" " ind2=" " tag="020">
      <marc:subfield code="a">9783990019276</marc:subfield>
      <marc:subfield code="c">: EUR 22.00 (DE), EUR 22.00 (AT), CHF 26.00 (freier Preis)</marc:subfield>
      <marc:subfield code="9">978-3-99001-927-6</marc:subfield>
   </marc:datafield>
   <marc:datafield ind1=" " ind2=" " tag="020">
      <marc:subfield code="a">3990019279</marc:subfield>
      <marc:subfield code="9">3-99001-927-9</marc:subfield>
   </marc:datafield>
   <marc:datafield ind1="3" ind2=" " tag="024">
      <marc:subfield code="a">9783990019276</marc:subfield>
   </marc:datafield>
   <marc:datafield ind1=" " ind2=" " tag="035">
      <marc:subfield code="a">(DE-599)DNB1394006373</marc:subfield>
   </marc:datafield>
   <marc:datafield ind1=" " ind2=" " tag="035">
      <marc:subfield code="a">(OCoLC)1582427925</marc:subfield>
   </marc:datafield>
   <marc:datafield ind1=" " ind2=" " tag="040">
      <marc:subfield code="a">1145</marc:subfield>
      <marc:subfield code="b">ger</marc:subfield>
      <marc:subfield code="c">DE-101</marc:subfield>
      <marc:subfield code="d">9999</marc:subfield>
   </marc:datafield>
   <marc:datafield ind1=" " ind2=" " tag="041">
      <marc:subfield code="a">ger</marc:subfield>
   </marc:datafield>
   <marc:datafield ind1=" " ind2=" " tag="044">
      <marc:subfield code="c">AT</marc:subfield>
   </marc:datafield>
   <marc:datafield ind1="7" ind2="4" tag="082">
      <marc:subfield code="8">5\p</marc:subfield>
      <marc:subfield code="a">200</marc:subfield>
      <marc:subfield code="q">DE-101</marc:subfield>
      <marc:subfield code="2">23sdnb</marc:subfield>
   </marc:datafield>
   <marc:datafield ind1="1" ind2=" " tag="100">
      <marc:subfield code="8">1\p</marc:subfield>
      <marc:subfield code="0">(DE-588)121085783</marc:subfield>
      <marc:subfield code="0">https://d-nb.info/gnd/121085783</marc:subfield>
      <marc:subfield code="0">(DE-101)121085783</marc:subfield>
      <marc:subfield code="0">(isni)0000000078341658</marc:subfield>
      <marc:subfield code="a">Steindl-Rast, David</marc:subfield>
      <marc:subfield code="d">1926-</marc:subfield>
      <marc:subfield code="e">Verfasser</marc:subfield>
      <marc:subfield code="4">aut</marc:subfield>
      <marc:subfield code="2">gnd</marc:subfield>
   </marc:datafield>
   <marc:datafield ind1="1" ind2="0" tag="245">
      <marc:subfield code="a">Gut leben, gut sterben</marc:subfield>
      <marc:subfield code="b">Wir wissen, wohin wir gehen, wir wissen nicht, wie es dort aussieht</marc:subfield>
      <marc:subfield code="c">David Steindl-Rast, Johannes Pausch, Kristina Proleta</marc:subfield>
   </marc:datafield>
   <marc:datafield ind1=" " ind2=" " tag="250">
      <marc:subfield code="a">1. Auflage</marc:subfield>
   </marc:datafield>
   <marc:datafield ind1=" " ind2=" " tag="263">
      <marc:subfield code="a">202605</marc:subfield>
   </marc:datafield>
   <marc:datafield ind1=" " ind2="1" tag="264">
      <marc:subfield code="a">[S.l.] @</marc:subfield>
      <marc:subfield code="b">edition a</marc:subfield>
      <marc:subfield code="c">2026</marc:subfield>
   </marc:datafield>
   <marc:datafield ind1=" " ind2=" " tag="300">
      <marc:subfield code="a">144 Seiten</marc:subfield>
      <marc:subfield code="c">21 cm, 300 g</marc:subfield>
   </marc:datafield>
   <marc:datafield ind1=" " ind2=" " tag="336">
      <marc:subfield code="a">Text</marc:subfield>
      <marc:subfield code="b">txt</marc:subfield>
      <marc:subfield code="2">rdacontent</marc:subfield>
   </marc:datafield>
   <marc:datafield ind1=" " ind2=" " tag="337">
      <marc:subfield code="a">ohne Hilfsmittel zu benutzen</marc:subfield>
      <marc:subfield code="b">n</marc:subfield>
      <marc:subfield code="2">rdamedia</marc:subfield>
   </marc:datafield>
   <marc:datafield ind1=" " ind2=" " tag="338">
      <marc:subfield code="a">Band</marc:subfield>
      <marc:subfield code="b">nc</marc:subfield>
      <marc:subfield code="2">rdacarrier</marc:subfield>
   </marc:datafield>
   <marc:datafield ind1=" " ind2=" " tag="653">
      <marc:subfield code="a">(Produktform)Hardback</marc:subfield>
   </marc:datafield>
   <marc:datafield ind1=" " ind2=" " tag="653">
      <marc:subfield code="a">(Produktform (spezifisch))mit Schutzumschlag</marc:subfield>
   </marc:datafield>
   <marc:datafield ind1=" " ind2=" " tag="653">
      <marc:subfield code="a">(VLB-WN)1470: Hardcover, Softcover / Ratgeber/Spiritualität</marc:subfield>
   </marc:datafield>
   <marc:datafield ind1=" " ind2=" " tag="653">
      <marc:subfield code="a">Leben</marc:subfield>
   </marc:datafield>
   <marc:datafield ind1=" " ind2=" " tag="653">
      <marc:subfield code="a">Tod</marc:subfield>
   </marc:datafield>
   <marc:datafield ind1=" " ind2=" " tag="653">
      <marc:subfield code="a">Geist</marc:subfield>
   </marc:datafield>
   <marc:datafield ind1=" " ind2=" " tag="653">
      <marc:subfield code="a">Weisheit</marc:subfield>
   </marc:datafield>
   <marc:datafield ind1=" " ind2=" " tag="653">
      <marc:subfield code="a">Wissen</marc:subfield>
   </marc:datafield>
   <marc:datafield ind1=" " ind2=" " tag="653">
      <marc:subfield code="a">Heilung</marc:subfield>
   </marc:datafield>
   <marc:datafield ind1=" " ind2=" " tag="653">
      <marc:subfield code="a">Glück</marc:subfield>
   </marc:datafield>
   <marc:datafield ind1=" " ind2=" " tag="653">
      <marc:subfield code="a">Segen</marc:subfield>
   </marc:datafield>
   <marc:datafield ind1=" " ind2=" " tag="653">
      <marc:subfield code="a">Frieden</marc:subfield>
   </marc:datafield>
   <marc:datafield ind1=" " ind2=" " tag="653">
      <marc:subfield code="a">Seele</marc:subfield>
   </marc:datafield>
   <marc:datafield ind1=" " ind2=" " tag="653">
      <marc:subfield code="a">Gott</marc:subfield>
   </marc:datafield>
   <marc:datafield ind1=" " ind2=" " tag="653">
      <marc:subfield code="a">Glauben</marc:subfield>
   </marc:datafield>
   <marc:datafield ind1=" " ind2=" " tag="653">
      <marc:subfield code="a">Freude</marc:subfield>
   </marc:datafield>
   <marc:datafield ind1="1" ind2=" " tag="700">
      <marc:subfield code="8">2\p</marc:subfield>
      <marc:subfield code="0">(DE-588)123723019</marc:subfield>
      <marc:subfield code="0">https://d-nb.info/gnd/123723019</marc:subfield>
      <marc:subfield code="0">(DE-101)123723019</marc:subfield>
      <marc:subfield code="0">(isni)0000000109158232</marc:subfield>
      <marc:subfield code="a">Pausch, Johannes</marc:subfield>
      <marc:subfield code="d">1949-</marc:subfield>
      <marc:subfield code="e">Verfasser</marc:subfield>
      <marc:subfield code="4">aut</marc:subfield>
      <marc:subfield code="2">gnd</marc:subfield>
   </marc:datafield>
   <marc:datafield ind1="1" ind2=" " tag="700">
      <marc:subfield code="8">3\p</marc:subfield>
      <marc:subfield code="0">(DE-588)1197760571</marc:subfield>
      <marc:subfield code="0">https://d-nb.info/gnd/1197760571</marc:subfield>
      <marc:subfield code="0">(DE-101)1197760571</marc:subfield>
      <marc:subfield code="0">(isni)0000000515745109</marc:subfield>
      <marc:subfield code="a">Proleta, Kristina</marc:subfield>
      <marc:subfield code="d">1994-</marc:subfield>
      <marc:subfield code="e">Verfasser</marc:subfield>
      <marc:subfield code="4">aut</marc:subfield>
      <marc:subfield code="2">gnd</marc:subfield>
   </marc:datafield>
   <marc:datafield ind1="2" ind2=" " tag="710">
      <marc:subfield code="8">4\p</marc:subfield>
      <marc:subfield code="0">(DE-588)1065565186</marc:subfield>
      <marc:subfield code="0">https://d-nb.info/gnd/1065565186</marc:subfield>
      <marc:subfield code="0">(DE-101)1065565186</marc:subfield>
      <marc:subfield code="a">edition a GmbH</marc:subfield>
      <marc:subfield code="e">Verlag</marc:subfield>
      <marc:subfield code="4">pbl</marc:subfield>
      <marc:subfield code="2">gnd</marc:subfield>
   </marc:datafield>
   <marc:datafield ind1="4" ind2="2" tag="856">
      <marc:subfield code="m">X:MVB</marc:subfield>
      <marc:subfield code="q">text/html</marc:subfield>
      <marc:subfield code="u">https://deposit.dnb.de/cgi-bin/dokserv?id=d7e467a3ef7a4922897999407b6795fa</marc:subfield>
      <marc:subfield code="3">Inhaltstext</marc:subfield>
   </marc:datafield>
   <marc:datafield ind1=" " ind2=" " tag="883">
      <marc:subfield code="8">1\p</marc:subfield>
      <marc:subfield code="a">cgwrk</marc:subfield>
      <marc:subfield code="d">20260502</marc:subfield>
      <marc:subfield code="q">DE-101</marc:subfield>
      <marc:subfield code="u">https://d-nb.info/provenance/plan#cgwrk</marc:subfield>
   </marc:datafield>
   <marc:datafield ind1=" " ind2=" " tag="883">
      <marc:subfield code="8">2\p</marc:subfield>
      <marc:subfield code="a">cgwrk</marc:subfield>
      <marc:subfield code="d">20260502</marc:subfield>
      <marc:subfield code="q">DE-101</marc:subfield>
      <marc:subfield code="u">https://d-nb.info/provenance/plan#cgwrk</marc:subfield>
   </marc:datafield>
   <marc:datafield ind1=" " ind2=" " tag="883">
      <marc:subfield code="8">3\p</marc:subfield>
      <marc:subfield code="a">cgwrk</marc:subfield>
      <marc:subfield code="d">20260502</marc:subfield>
      <marc:subfield code="q">DE-101</marc:subfield>
      <marc:subfield code="u">https://d-nb.info/provenance/plan#cgwrk</marc:subfield>
   </marc:datafield>
   <marc:datafield ind1="1" ind2=" " tag="883">
      <marc:subfield code="8">4\p</marc:subfield>
      <marc:subfield code="a">adb</marc:subfield>
      <marc:subfield code="d">20260325</marc:subfield>
      <marc:subfield code="q">DE-101</marc:subfield>
      <marc:subfield code="u">https://d-nb.info/provenance/plan#adb</marc:subfield>
   </marc:datafield>
   <marc:datafield ind1="1" ind2=" " tag="883">
      <marc:subfield code="8">5\p</marc:subfield>
      <marc:subfield code="a">vlb</marc:subfield>
      <marc:subfield code="d">20260325</marc:subfield>
      <marc:subfield code="q">DE-101</marc:subfield>
      <marc:subfield code="u">https://d-nb.info/provenance/plan#vlb</marc:subfield>
   </marc:datafield>
   <marc:datafield ind1="w" ind2=" " tag="925">
      <marc:subfield code="a">c</marc:subfield>
   </marc:datafield>
   <marc:datafield ind1="1" ind2=" " tag="926">
      <marc:subfield code="a">VS</marc:subfield>
      <marc:subfield code="o">93</marc:subfield>
      <marc:subfield code="q">Publisher</marc:subfield>
      <marc:subfield code="v">1.6</marc:subfield>
      <marc:subfield code="x">Lebenshilfe, Persönlichkeitsentwicklung und praktische Tipps</marc:subfield>
   </marc:datafield>
   <marc:datafield ind1="2" ind2=" " tag="926">
      <marc:subfield code="a">QRVS1</marc:subfield>
      <marc:subfield code="o">93</marc:subfield>
      <marc:subfield code="q">Publisher</marc:subfield>
      <marc:subfield code="v">1.6</marc:subfield>
      <marc:subfield code="x">Religiöse und spirituelle Persönlichkeiten</marc:subfield>
   </marc:datafield>
</marc:record>
